000 00992cam a2200133 4500500
005 20260405065604.0
041 _afre
042 _adc
100 1 0 _aMonnier, Claude
_eauthor
245 0 0 _aL'agriculture française en proie à l'écologisme : Moissons interdites
260 _bL'Harmattan,
_c2005.
520 _aLes thèses des écologistes couramment admises et désormais politiquement correctes, telles l’incompatibilité de l’agriculture conventionnelle avec le développement durable ou le mépris du productivisme, sont largement excessives et méritent d’être réfutées. Au risque de déplaire, l’auteur prend la défense de l’agriculture scientifique et compétitive - position qui lui apparaît complètement compatible avec l’amour de la Nature. Voici des raisons de juger paralysante la politique de précaution absolue.
856 4 1 _uhttps://shs.cairn.info/lagriculture-francaise-en-proie-a-lecologisme--9782747579865?lang=fr&redirect-ssocas=7080
999 _c2197075
_d2197075